000 01713nam0a2200337 4500
001 RU\NLR\BIBL_A\012148007
005 20250623214231.0
035 _a(NLR Aleph) 012148007
090 _a12133114
_c12133114
100 _a20191128d1895 |||y0rusy50 ca
101 0 _arus
102 _aRU
105 _aa|||z|||000zy
200 1 _aЖелезноводская ветвь
_eплан направления линии
_e(масштаб 10 верст в 1 дюйме)
_fПравление общества Владикавказской ж. д.
210 _a[Б. м.
_cб. и.]
_d1895
215 _a[1] с.
_cкарт.
_d35
300 _aНа карте: Кавказские минеральные воды: план местности
300 _aГод изд. установлена по рукоп. помете на 4-й с. обл.
316 _aКарта (16х10 см.) вклеена на лист; на тит. л. над текстом рукописная помета: К № 5
_5NLR
517 1 _aКавказские минеральные воды
_eплан местности
517 1 _aПлан направления линии
601 0 2 _aЖелезноводская железнодорожная ветвь
_jСхемы
_92433888
_3RU\NLR\AUTH\6601666601
686 3 _aО211-022я65
710 0 2 _aЖелезноводская железнодорожная ветвь
_9688689
_3RU\NLR\AUTH\880514037
712 0 2 _4570
_aВладикавказская железная дорога
_bПравление
_9678731
_3RU\NLR\AUTH\880509247
852 _aNLR
_j18.61.2.220
942 _cBOOK
980 _aNB